00499nam a2200145 a 450000100100000000500170001000800410002704000250006810000170009324500960011026000850020630000230029170000170031470000220033100003822320201002031213.0130404s1990 dr 000 0 spa d aDO-SdBNPbspacBNPHU1 aMena, Moises10aFiesta de sanidades hoy :bmilagros del siglo XX /cMoises y Nenita Mena, Freddy R. Peña. aSan Francisco Macorís, República Dominicana :bEducativa Dominicana ,c1990. a108 p. : ;c21 cm.1 aMena, Nenita1 aPeña, Freddy R.